000 00238nam a2200109Ia 4500
008 200302s9999 xx 000 0 und d
100 _aArchpaper
245 _aCandilis Josic Woods
260 _bPublisher
260 _c1960
300 _a226 P.,
999 _c128
_d128